A számítógépes bűncselekmények - különös tekintettel a szoftver büntetőjogi védelmére

Elmentve itt :
Bibliográfiai részletek
Szerző: Simon Béla
További közreműködők: Karsai Krisztina (Témavezető)
Dokumentumtípus: Szakdolgozat
Megjelent: 2003
Tárgyszavak:
Online Access:http://diploma.bibl.u-szeged.hu/28010
LEADER 00604nta a2200157 i 4500
001 dipl28010
005 20130314085307.0
008 110818s2003 hu om 0|| zxx d
040 |a SZTE Diploma Repozitórium  |b hun 
041 |a zxx 
100 1 |a Simon Béla 
245 1 2 |a A számítógépes bűncselekmények - különös tekintettel a szoftver büntetőjogi védelmére  |h [elektronikus dokumentum] /  |c Béla Simon 
260 |c 2003 
650 4 |a Jogi és igazgatási tanulmányok 
700 1 |a Karsai Krisztina  |e ths 
856 4 0 |u http://diploma.bibl.u-szeged.hu/id/eprint/28010/1/2003_simon_bela_345.pdf  |z Dokumentum-elérés